| 000 | nam a22 7a 4500 | ||
|---|---|---|---|
| 999 |
_c329831 _d329831 |
||
| 003 | NUST | ||
| 005 | 20170523135331.0 | ||
| 008 | 170523b xxu||||| |||| 00| 0 eng d | ||
| 020 | _a9693511085 | ||
| 040 | _cdlc | ||
| 082 | _a954.56 GAZ | ||
| 245 | _aGazerreer of the Delhi district 1883-84 | ||
| 260 |
_aLahore _bSang-e-Meel Publications, _c2000 |
||
| 300 |
_ax, 215p., xxvi : _c24 cm |
||
| 942 |
_2ddc _cBK |
||